Vice-champions de la Ligue 1 par saison - Statistiques

Statistiques générales
  • Ce quiz a été pris 152 fois
  • Le résultat moyen est 73 sur 84
Statistiques - réponses
Saisons Clubs % Correct
1937-1938 Olympique de Marseille
100%
1938-1939 Olympique de Marseille
100%
1969-1970 Olympique de Marseille
100%
1974-1975 Olympique de Marseille
100%
1986-1987 Olympique de Marseille
100%
1993-1994 Olympique de Marseille
100%
1998-1999 Olympique de Marseille
100%
2006-2007 Olympique de Marseille
100%
2008-2009 Olympique de Marseille
100%
2010-2011 Olympique de Marseille
100%
2012-2013 Olympique de Marseille
100%
2019-2020 Olympique de Marseille
100%
2021-2022 Olympique de Marseille
100%
1963-1964 AS Monaco FC
99%
1983-1984 AS Monaco FC
99%
1990-1991 AS Monaco FC
99%
1991-1992 AS Monaco FC
99%
2002-2003 AS Monaco FC
99%
2013-2014 AS Monaco FC
99%
2017-2018 AS Monaco FC
99%
1965-1966 FC Girondins de Bordeaux
98%
1951-1952 FC Girondins de Bordeaux
98%
1964-1965 FC Girondins de Bordeaux
98%
1968-1969 FC Girondins de Bordeaux
98%
1982-1983 FC Girondins de Bordeaux
98%
1987-1988 FC Girondins de Bordeaux
98%
1989-1990 FC Girondins de Bordeaux
98%
2005-2006 FC Girondins de Bordeaux
98%
1947-1948 Lille OSC
98%
1948-1949 Lille OSC
98%
1949-1950 Lille OSC
98%
1950-1951 Lille OSC
98%
2004-2005 Lille OSC
98%
2018-2019 Lille OSC
98%
1994-1995 Olympique lyonnais
96%
2000-2001 Olympique lyonnais
96%
2007-2008 Olympique lyonnais
96%
2009-2010 Olympique lyonnais
96%
2014-2015 Olympique lyonnais
96%
2015-2016 Olympique lyonnais
96%
1966-1967 FC Nantes
92%
1973-1974 FC Nantes
92%
1977-1978 FC Nantes
92%
1978-1979 FC Nantes
92%
1980-1981 FC Nantes
92%
1984-1985 FC Nantes
92%
1985-1986 FC Nantes
92%
1988-1989 Paris Saint-Germain FC
92%
1992-1993 Paris Saint-Germain FC
92%
1995-1996 Paris Saint-Germain FC
92%
1996-1997 Paris Saint-Germain FC
92%
1999-2000 Paris Saint-Germain FC
92%
2003-2004 Paris Saint-Germain FC
92%
2011-2012 Paris Saint-Germain FC
92%
2016-2017 Paris Saint-Germain FC
92%
2020-2021 Paris Saint-Germain FC
92%
1955-1956 RC Lens
91%
1956-1957 RC Lens
91%
1976-1977 RC Lens
91%
2001-2002 RC Lens
91%
1945-1946 AS Saint-Étienne
90%
1970-1971 AS Saint-Étienne
90%
1981-1982 AS Saint-Étienne
90%
1967-1968 OGC Nice
90%
1972-1973 OGC Nice
90%
1975-1976 OGC Nice
90%
1934-1935 RC Strasbourg
85%
1946-1947 Stade de Reims
85%
1953-1954 Stade de Reims
85%
1962-1963 Stade de Reims
85%
1960-1961 RC Paris
77%
1961-1962 RC Paris
77%
1954-1955 Toulouse FC
71%
1997-1998 FC Metz
70%
1936-1937 FC Sochaux-Montbéliard
60%
1952-1953 FC Sochaux-Montbéliard
60%
1979-1980 FC Sochaux-Montbéliard
60%
1957-1958 Nîmes Olympique
39%
1958-1959 Nîmes Olympique
39%
1959-1960 Nîmes Olympique
39%
1971-1972 Nîmes Olympique
39%
1932-1933 AS Cannes
29%
1935-1936 Olympique Lillois
10%
1933-1934 SC FIves
4%
Aucun quiz correspondant
Distribution des résultats
% des personnes avec chaque résultat
Percentile par nombre de réponses
Votre historique - résultats
Vous n’avez pas pris ce quiz